000 00277nam a22001217a 4500
008 170607b xxu||||| |||| 00| 0 eng d
041 _aeng
080 _27 ED
_a327
100 _a18
101 _aSHH
245 _aTHE STRUGGLE DEMOCRACY
_cGREENBERG.E.S
942 _2udc
_cBK
999 _c16261
_d16261